| 000 | 01124nam a2200241Ia 4500 | ||
|---|---|---|---|
| 003 | Ost | ||
| 005 | 20260507075252.0 | ||
| 008 | 260507s9999||||xx |||||||||||||| ||und|| | ||
| 040 | _cfsecg | ||
| 041 | _aara | ||
| 082 | _a330 | ||
| 100 |
_aزيارة، فريد فهمي _eمؤلف |
||
| 245 | 0 |
_aالمقدمة في تحليل و تصميم النظم / _c فريد فهمي زيارة |
|
| 260 |
_aعمان: _bدار اليازوري, _c2010 |
||
| 300 |
_a258 صفحة؛ _bإيضاحات ؛ _c24 سم |
||
| 504 | _aمراجع ص.260 | ||
| 520 | _aنظم معلومات الأعمال و بناء و تطوير نظم المعلومات ، طور التخطيط و طور التحليل ، مخططات العمليات و مخططات البيانات ، قاموس البيانات ، تصميم الإخراج و ال‘دخال ، تصميم قاعدة البيانات و أخيرا تطبيق النظام . | ||
| 653 | _aالبرمجيات | ||
| 653 | _aالحاسوب | ||
| 653 | _aقواعد البيانات | ||
| 653 | _aنظم المعلومات- المؤسسة الممتدة | ||
| 942 | _cكتاب | ||
| 999 |
_c43704 _d43704 |
||